Movies Quiz

Random Movies or Numbers Quiz
Score 0/20 Timer 05:00
12 Plays Today
% Correct
Apollo 13
87.6%
The 40-Year-Old Virgin
87.4%
21 Jump Street
85.4%
50 First Dates
85.1%
8 Mile
84.8%
Around The World In 80 Days
83.8%
12 Years A Slave
79.3%
12 Angry Men
75.3%
How To Lose A Guy In 10 Days
73.6%
13 Going On 30
73.5%
% Correct
12 Monkeys
73.3%
Big Hero 6
69.7%
District 9
68.2%
(500) Days Of Summer
66.4%
10 Things I Hate About You
65.6%
Gone In 60 Seconds
63.1%
Super 8
57.8%
27 Dresses
57.3%
17 Again
48%
3:10 To Yuma
44.7%
Remove Ads.
Support Sporcle.
Get the best of Sporcle when you Go Orange. This ad-free experience offers more features, more stats, and more fun while also helping to support Sporcle. Thank you for becoming a member.

You're not logged in!

Compare scores with friends on all Sporcle quizzes.
OR
Log In

Sporcle TV

Today on Sporcle TV


Watch our educational content, quiz creation guides, and fun videos on Sporcle TV.

Show Comments

Extras

Top Quizzes Today


Score Distribution

Paid Content

Your Account Isn't Verified!

In order to create a playlist on Sporcle, you need to verify the email address you used during registration. Go to your Sporcle Settings to finish the process.

Report this User

Report this user for behavior that violates our Community Guidelines.

Details: